000 00564nam a2200181Ia 4500
003 GCL
008 140319s9999 xx 000 0 ara d
040 _aGCL /
_cGCL
082 0 4 _a813.01
_bش ر
100 1 _aشكرى محمد عياد
245 1 0 _aرباعيات /
_cشكرى محمد عياد
260 _a[S.N] :
_bالهيئة المصرية العامة للكتاب ،
_c1984
300 _a111 ص
490 _aمختارات فصول
_v0
650 0 4 _aالادب العربى
650 0 4 _aالقصص العربية القصيرة
942 _2ddc
_cBK
999 _c46013
_d46013